Statistics for Finnish, Swedish, Or Norwegian?

Click here to take the quiz!

General Stats

  • This quiz has been taken 237 times
  • The average score is 15 of 18

Answer Stats

HintAnswer% Correct
KiitosFinnish
93%
Ole KilttiFinnish
92%
AnteeksiFinnish
90%
HymyFinnish
89%
TerveydeksiFinnish
89%
Vær Så SnillNorwegian
88%
Vær Så GodNorwegian
87%
Snälla DuSwedish
87%
Ole HyväFinnish
83%
TackSwedish
83%
Velsigne DegNorwegian
82%
Unnskyld MegNorwegian
81%
Ursäkta MigSwedish
81%
Välsigna DigSwedish
80%
VarsågodSwedish
79%
Takk Skal Du HaNorwegian
75%
SmilNorwegian
63%
LeendeSwedish
43%

Score Distribution

Percentile by Number Answered

Percent of People with Each Score

Your Score History

You have not taken this quiz